Практический инжиниринг резервуаров: пер. с англ.

Մատենագիտական մանրամասներ
Հիմնական հեղինակ: Дейк Л. П. Лоренс П.
Համատեղ հեղինակ: Роснефть
Ամփոփում:Настоящее издание представляет собой наиболее известную и популярную книгу, посвященную изучению коллекторов углеводородов. Здесь не только обобщены наиболее известные теоретические подходы к описанию процессов разработки, но также обсуждаются особенности проведения промысловых экспериментов и методики оценки их результатов. Особое место в книге занимает обсуждение основополагающих принципов построения имитационных моделей пластовых систем и анализа основных параметров месторождения. С теоретической и практической точек зрения рассмотрены процессы вытеснения пластовых флюидов на этапе вторичной разработки месторождения. Огромное число примеров позволяет авторам продемонстрировать методики инженерных расчетов для нефтяных, газовых и газоконденсатных месторождений при различных методах вытеснения из коллекторов, характеризующихся неоднородностью пластовых свойств. Книга безусловно будет полезна практикующим инженерам, желающим повысить свою квалификацию в области практического инжиниринга, а также будет незаменима в учебном процессе для подготовки специалистов по нефтегазовому делу.
Լեզու:ռուսերեն
Հրապարակվել է: Ижевск, Регулярная и хаотическая динамика, 2008
Շարք:Библиотека нефтяного инжиниринга
Խորագրեր:
Ձևաչափ: Գիրք
KOHA link:https://koha.lib.tpu.ru/cgi-bin/koha/opac-detail.pl?biblionumber=238167

MARC

LEADER 00000nam0a2200000 4500
001 238167
005 20231101231605.0
010 |a 9785939726399 
035 |a (RuTPU)RU\TPU\book\259350 
090 |a 238167 
100 |a 20130522d2008 km y0rusy50 ca 
101 1 |a rus  |c eng 
102 |a RU 
105 |a a z 001zy 
200 1 |a Практический инжиниринг резервуаров  |e пер. с англ.  |f Л. П. Дейк 
210 |a Ижевск  |c Регулярная и хаотическая динамика  |a Москва  |c Институт компьютерных исследований  |d 2008 
215 |a 668 с.  |c ил. 
225 1 |a Библиотека нефтяного инжиниринга 
320 |a Библиография в конце глав. 
320 |a Предметный указатель: с. 653-667. 
330 |a Настоящее издание представляет собой наиболее известную и популярную книгу, посвященную изучению коллекторов углеводородов. Здесь не только обобщены наиболее известные теоретические подходы к описанию процессов разработки, но также обсуждаются особенности проведения промысловых экспериментов и методики оценки их результатов. Особое место в книге занимает обсуждение основополагающих принципов построения имитационных моделей пластовых систем и анализа основных параметров месторождения. С теоретической и практической точек зрения рассмотрены процессы вытеснения пластовых флюидов на этапе вторичной разработки месторождения. Огромное число примеров позволяет авторам продемонстрировать методики инженерных расчетов для нефтяных, газовых и газоконденсатных месторождений при различных методах вытеснения из коллекторов, характеризующихся неоднородностью пластовых свойств. Книга безусловно будет полезна практикующим инженерам, желающим повысить свою квалификацию в области практического инжиниринга, а также будет незаменима в учебном процессе для подготовки специалистов по нефтегазовому делу. 
606 1 |a Нефтегазовые пласты-коллекторы  |x Исследование  |2 stltpush  |3 (RuTPU)RU\TPU\subj\71974  |9 85623 
610 1 |a практический инжиниринг 
610 1 |a резервуары 
610 1 |a нефтяные месторождения 
610 1 |a газовые месторождения 
610 1 |a оценка 
610 1 |a материальный баланс 
610 1 |a нефтяные скважины 
610 1 |a испытание 
610 1 |a водонапорный режим 
610 1 |a газовые резервуары 
675 |a 552.578.2.061.4.08  |v 3 
700 1 |a Дейк  |b Л. П.  |g Лоренс П. 
712 0 2 |a Роснефть  |c Нефтяная компания  |c Открытое акционерное общество  |c (Москва)  |c (1993- )  |2 stltpush  |3 (RuTPU)RU\TPU\col\11516  |9 25142 
801 1 |a RU  |b 63413507  |c 20130522 
801 2 |a RU  |b 63413507  |c 20150522  |g RCR 
942 |c BK 
959 |a 92/20130522  |d 5  |e 980,00  |f ЧЗТЛ:1  |f АНЛ:1  |f УФ:3